Detalles MARC
| 000 -LÍDER |
| Campo fijo de descripción fija |
01863nam a2200373 i 4500 |
| 001 - NÚMERO DE CONTROL |
| Campo de control |
768714001 |
| 003 - IDENTIFICADOR DEL NÚMERO DE CONTROL |
| Campo de control |
CO-MdFUSB |
| 005 - FECHA Y HORA DE LA ULTIMA TRANSACCIÓN |
| control field |
20260406115516.0 |
| 007 - CAMPO FIJO DE DESCRIPCIÓN FIJA--INFORMACIÓN GENERAL |
| Campo fijo de descripción fija |
ta |
| 008 - ELEMENTOS DE LONGITUD FIJA -- INFORMACIÓN GENERAL |
| Campo fijo de descripción fija -- Información general |
250925t2001 enk |||g |||| 00| 0 eng d |
| 020 ## - NÚMERO INTERNACIONAL NORMALIZADO PARA LIBROS |
| Número Internacional Normalizado del libro |
0-8308-2425-1 |
| 040 ## - FUENTE DE CATALOGACIÓN |
| Agencia de catalogación original |
CO-MdFUSB |
| Idioma de catalogación |
spa |
| Agencia que realiza la transcripción |
CO-MdFUSB |
| Agencia que realiza la modificación |
CO-MdFUSBC |
| Convenciones de la descripción |
rda |
| 041 ## - CÓDIGO DE IDIOMA |
| Código de idioma para texto/pista de sonido o título separado |
eng |
| 082 ## - NÚMERO DE CLASIFICACIÓN DECIMAL DEWEY |
| Número de la edición del Dewey |
23 |
| Número de clasificación |
224.4 |
| Clave de autor-Numero de item |
W947 |
| 100 ## - ASIENTO PRINCIPAL--NOMBRE PERSONAL |
| Nombre personal |
Wright, Christopher J. H. |
| Fechas asociadas con el nombre |
1947- |
| Término relacionador |
autor |
| 245 ## - TÍTULO |
| Título del Material |
The message of Ezekiel : |
| Parte restante del título - Subtitulo |
a new heart and a new spirit |
| Mención de responsabilidad, etc. |
/ Christopher J. H. Wright ; editado por J. A. Motyer |
| 264 #1 - PRODUCCIÓN, PUBLICACIÓN, DISTRIBUCIÓN, MANUFACTURA, Y COPYRIGHT |
| Lugar de producción, publicación, distribución, manufactura |
Leicester , Inglaterra : |
| Nombre del productor, publicador, distribuidor |
InterVarsity Press, |
| Fecha de producción, publicación, distribución, manufactura, o copyright |
[2001] |
| 264 #4 - PRODUCCIÓN, PUBLICACIÓN, DISTRIBUCIÓN, MANUFACTURA, Y COPYRIGHT |
| Fecha de producción, publicación, distribución, manufactura, o copyright |
©2001 |
| 300 ## - DESCRIPCIÓN FÍSICA |
| Extensión |
368 páginas |
| Dimensiones |
; 21 cm |
| 336 ## - TIPO DE CONTENIDO |
| Fuente |
rdacontent |
| Término de tipo de contenido |
texto |
| Código de tipo de contenido |
txt |
| 337 ## - TIPO DE MEDIO |
| Fuente |
rdamedia |
| Nombre del tipo de medio |
sin mediación |
| Código del tipo de medio |
n |
| 338 ## - TIPO DE SOPORTE |
| Fuente |
rdacarrier |
| Nombre del tipo de soporte |
volumen |
| Código Tipo de soporte |
nc |
| 490 ## - MENCIÓN DE SERIE |
| Mención de serie |
The Bible Speaks Today |
| 500 ## - NOTA GENERAL |
| Nota General |
Nota de resumen traducida por agencia catalogadora |
| 520 ## - NOTA DE RESUMEN, ETC. |
| Nota de sumario, etc. |
Ezequiel se nos presenta como un extraño, proveniente de un tiempo y un lugar lejanos.<br/>¿Quién es este sacerdote que, en su trigésimo cumpleaños, tiene una deslumbrante visión de Dios sobre un trono con ruedas?<br/>¿Quién es este profeta peculiar que realiza actos simbólicos extravagantes en la calle y habla en nombre de Dios sobre asuntos internacionales?<br/>¿Quién es este vidente que pinta murales de destrucción apocalíptica y luego de un templo restaurado rebosante de símbolos del paraíso?<br/>¿Estamos obligados a tomar esto literalmente, leyendo al profeta junto al periódico?<br/>¿O existe una mejor manera de interpretarlo? |
| 563 ## - NOTA DE ENCUADERNACIÓN |
| Nota de encuadernación |
rústico |
| 630 07 - TITULO UNIFORME |
| Título uniforme |
Biblia. |
| Nombre de parte o sección de la obra |
Ezequiel |
| Subdivisión de materia general |
Crítica, interpretación, etc. |
| 653 ## - TÉRMINO DE INDIZACIÓN - NO CONTROLADO |
| Término no controlado |
Ezequiel (Profeta) |
| 653 ## - TÉRMINO DE INDIZACIÓN - NO CONTROLADO |
| Término no controlado |
Profecía bíblica — Antiguo Testamento |
| 700 ## - ASIENTO SECUNDARIO - NOMBRE PERSONAL |
| Nombre personal |
Motyer, J. A. |
| 9 (RLIN) |
1431 |
| Responsabilidad |
editor |
| 942 ## - TIPO DE MATERIAL (KOHA) |
| Tipo de Item KOHA |
Libros General |
| 945 ## - INFORMACIÓN LOCAL DEL REGISTRO |
| Catalogador |
Estudiante Juan Eusse |